000 00763nam a2200217 a 4500
001 000907787
003 AM-YEHGA
005 20250617164209.0
008 120724s1962 ru r 000 0 rus d
040 _aAM-YeHGA
041 0 _arus
100 1 _aРейслер, Юрий Вениаминович
245 1 0 _aКомплексная механизация уборки гороха /
_cЮ.В. Рейслер, Ю.А. Николаев.
260 _aМ. :
_bМосковский рабочий,
_c1962.
300 _a96 с. :
_bсхем., табл. ;
_c20 см.
504 _aПрилож.: с. 88-93
650 1 4 _aБахчевые культуры
650 1 4 _aГорох
700 1 _aНиколаев, Юрий Алексеевич
090 _c523062
999 _c519500
_d519500